| 000 | 00769nam a2200265 a 4500 | ||
|---|---|---|---|
| 001 | 16790 | ||
| 003 | BD-RjUL | ||
| 005 | 20211209000042.0 | ||
| 008 | 140215s19901989vtua 001 0 eng | ||
| 020 | _a0804816069 : | ||
| 035 | _a(BD-RjUL)16845 | ||
| 040 |
_aDLC _cDLC _dDLC _dBD-RjUL _beng |
||
| 041 | _aeng | ||
| 082 | 0 | 0 |
_a745.0952 _220 _bSAM 1990 |
| 100 | 2 |
_aSaint-Gilles, Amaury. _951847 |
|
| 245 | 1 | 0 |
_aMingei : _bJapan's enduring folk arts / _cAmaury Saint-Gilles. |
| 250 | _a1st Tuttle ed. | ||
| 260 |
_aRutland, Vt. : _bC.E. Tuttle, _cc1989 [Reprinted 1990]. |
||
| 300 |
_a260 p. : _bill. (some col.) ; _c19 cm. |
||
| 504 | _aIncludes index. | ||
| 650 | 0 |
_aFolk art _zJapan. _951848 |
|
| 942 |
_2ddc _cBK |
||
| 999 |
_c16790 _d16790 |
||